00362 a2200109 4500001001000000005001700010008004100027245008000068100002000148700001600168773006800184ART_1219420260410161904.0260409a 10aLarge sample estimation and testing procedures for dynamic equation systems1 aZellner, Arnold1 aPalm, Franz0 tJournal of econometricsg- Vol. 12, NÂș 3 (abr. 1980)wREV11720